| 000 | 01333nam0a22003131 4500 | ||
|---|---|---|---|
| 001 | v19\rc\1730865 | ||
| 005 | 20250619043513.0 | ||
| 035 | _a(NLR Aleph) 004826313 | ||
| 090 |
_a5064844 _c5064844 |
||
| 100 | _a20061002e19011901|||y0rusy50 ca | ||
| 101 | 0 | _arus | |
| 102 | _aRU | ||
| 105 | _ab z ||||| | ||
| 200 | 1 |
_aПредварительный отчет о поездке в Восточную Монголию и застенные части Китая _f[Соч.] [Д. чл. И.В. Палибина] |
|
| 210 |
_aСанкт-Петербург _cтип. В. Безобразова и К° _d1901 |
||
| 215 |
_a57 с., 1 л. карт. _d24 |
||
| 311 | _aОтд. отт. из "Изв. Рус. геогр. о-ва", т. 37, вып. 1, 1901 | ||
| 320 | _aБиблиогр. в примеч. | ||
| 488 | 0 |
_12001#$aИзвестия Русского географического общества$v1901, т. 37, вып. 1 _tИзвестия Русского географического общества |
|
| 700 | 1 |
_aПалибин _bИ.В. _f1872-1949 _gИван Владимирович |
|
| 801 | 0 |
_aRU _bNLR _gpsbo |
|
| 801 | 0 |
_aRU _bRuMoRGB _2psbo |
|
| 801 | 1 |
_aRU _bProSoft-M _2rusmarc |
|
| 852 |
_aNLR _jГ02 Б-8/14 |
||
| 899 | _aНБ СПбГУ | ||
| 899 | _aНБ МГУ | ||
| 942 | _cBOOK | ||
| 980 | _aNB | ||